Soccer Logos By Letter - C - Statistics

General Stats
  • This quiz has been taken 1,773 times
    583 since last reset
  • The average score is 19 of 25
Answer Stats
Picture Answer % Correct
Celtic
99%
Chelsea
99%
Canada
96%
Celta Vigo
95%
Croatia
95%
Crystal Palace
95%
Cameroon
94%
Club Brugge
93%
Colombia
92%
Como
86%
Cagliari
85%
Cardiff City
84%
CSKA Moscow
75%
Chicago Fire
74%
Czech Republic
72%
Coventry City
70%
Corinthians
67%
Colo-Colo
64%
Chile
62%
Columbus Crew
62%
Charlotte FC
58%
Cremonese
58%
Colorado Rapids
54%
Clermont Foot
51%
CFR Cluj
44%
No matching quizzes found
Score Distribution
Percent of People with Each Score
Percentile by Number Answered
Your Score History
You have not taken this quiz since the last reset